| 000 | 00591nam a2200241Ia 4500 | ||
|---|---|---|---|
| 003 | OSt | ||
| 005 | 20221005132234.0 | ||
| 006 | a|||||r|||| 00| 0 | ||
| 007 | ta | ||
| 008 | 221004b |||||||| |||| 00| 0 tam d | ||
| 024 | _a48656 | ||
| 037 | _cTextual | ||
| 040 |
_aCRL _cCRL _btam |
||
| 041 |
_2tam _atam |
||
| 082 | _aO31,1NCHx, J8 | ||
| 100 |
_aChenthamarai _9640787 |
||
| 245 | 0 | _aThenkumari kavi thaigal | |
| 260 | _c1958 | ||
| 300 |
_a48 _ccm. |
||
| 650 | _aTAMIL POETRY | ||
| 942 |
_hO31,1NCHx, J8 _cTEXL _2cc |
||
| 999 |
_c1062988 _d1062988 |
||